[Event "World Youth & Cadets Blitz Championships"]
[Site "Rhodes, Greece"]
[Date "2022.05.03"]
[Round "7.33"]
[White "Omonova, Umida"]
[Black "Blokhin, Sofia"]
[Result "1-0"]
[TimeControl "5'/game & 2\"/move"]
[WhiteElo "1817"]
[BlackElo "1764"]

1. e4 {[%clk 00:05:03]} c5 {[%clk 00:05:03]} {[%emt 00:00:02]} 2. Nf3 {[%clk
00:05:04]} e6 {[%clk 00:05:04]} {[%emt 00:00:01]} 3. d4 {[%clk 00:05:05]}
{[%emt 00:00:01]} cxd4 {[%clk 00:05:05]} {[%emt 00:00:01]} 4. Nxd4 {[%clk
00:05:06]} {[%emt 00:00:01]} a6 {[%clk 00:05:06]} {[%emt 00:00:02]} 5. Bd3
{[%clk 00:05:06]} {[%emt 00:00:01]} Nf6 {[%clk 00:05:03]} {[%emt 00:00:05]} 6.
O-O {[%clk 00:05:06]} {[%emt 00:00:02]} Qc7 {[%clk 00:05:04]} {[%emt 00:00:01]}
7. c4 {[%clk 00:05:06]} {[%emt 00:00:02]} Nc6 {[%emt 00:00:04]} 8. Nxc6 {[%clk
00:04:47]} {[%emt 00:00:19]} dxc6 {[%clk 00:05:04]} {[%emt 00:00:02]} 9. Qe2
{[%clk 00:04:43]} {[%emt 00:00:06]} e5 {[%clk 00:05:00]} {[%emt 00:00:05]} 10.
h3 {[%clk 00:04:39]} {[%emt 00:00:06]} Bc5 {[%clk 00:04:52]} {[%emt 00:00:11]}
11. Be3 {[%clk 00:04:26]} {[%emt 00:00:15]} Bxe3 {[%clk 00:04:48]} {[%emt
00:00:07]} 12. Qxe3 {[%clk 00:04:27]} Be6 {[%clk 00:04:38]} {[%emt 00:00:11]}
13. Nd2 {[%clk 00:04:23]} {[%emt 00:00:05]} Rd8 {[%clk 00:04:35]} {[%emt
00:00:05]} 14. Rad1 {[%clk 00:04:17]} {[%emt 00:00:08]} O-O {[%clk 00:04:26]}
{[%emt 00:00:12]} 15. Nf3 {[%clk 00:04:05]} {[%emt 00:00:13]} h6 {[%clk
00:04:08]} {[%emt 00:00:21]} 16. Rd2 {[%clk 00:04:00]} {[%emt 00:00:07]} Nh5
{[%clk 00:03:44]} {[%emt 00:00:26]} 17. Rfd1 {[%clk 00:04:01]} Nf4 {[%clk
00:03:36]} {[%emt 00:00:10]} 18. Bf1 {[%clk 00:04:02]} Rxd2 {[%clk 00:03:19]}
{[%emt 00:00:19]} 19. Rxd2 {[%clk 00:04:00]} {[%emt 00:00:03]} c5 {[%clk
00:02:57]} {[%emt 00:00:25]} 20. Kh2 {[%emt 00:00:21]} Ng6 {[%emt 00:00:12]} 21.
g3 {[%clk 00:03:45]} {[%emt 00:00:03]} Ne7 {[%clk 00:02:31]} {[%emt 00:00:13]}
22. b3 {[%clk 00:03:43]} {[%emt 00:00:05]} b6 {[%clk 00:02:12]} {[%emt
00:00:20]} 23. Bg2 {[%clk 00:03:39]} {[%emt 00:00:06]} Nc6 {[%emt 00:00:09]} 24.
Ne1 {[%clk 00:03:18]} {[%emt 00:00:18]} Nd4 {[%clk 00:02:06]} {[%emt 00:00:06]}
25. Nd3 {[%emt 00:00:09]} f6 {[%clk 00:01:57]} {[%emt 00:00:09]} 26. f4 {[%clk
00:03:14]} {[%emt 00:00:01]} Bd7 {[%clk 00:01:26]} {[%emt 00:00:34]} 27. Rf2
{[%clk 00:03:14]} exf4 {[%clk 00:01:06]} {[%emt 00:00:22]} 28. gxf4 {[%emt
00:00:10]} Re8 {[%clk 00:01:02]} {[%emt 00:00:03]} 29. e5 {[%clk 00:03:03]}
{[%emt 00:00:08]} Bc6 {[%clk 00:00:45]} {[%emt 00:00:18]} 30. Bd5+ {[%clk
00:02:50]} {[%emt 00:00:15]} Kh8 {[%clk 00:00:38]} {[%emt 00:00:10]} 31. Rg2
{[%clk 00:02:51]} Qd7 {[%clk 00:00:31]} {[%emt 00:00:09]} 32. Qe4 {[%clk
00:02:40]} {[%emt 00:00:13]} f5 {[%clk 00:00:25]} {[%emt 00:00:08]} 33. Bxc6
Nxc6 {[%clk 00:00:12]} 34. Qf3 {[%clk 00:02:20]} {[%emt 00:00:19]} Nd4 {[%clk
00:00:12]} {[%emt 00:00:02]} 35. Qg3 {[%clk 00:02:21]} {[%emt 00:00:01]} Qf7
{[%clk 00:00:06]} {[%emt 00:00:08]} 36. Ne1 {[%clk 00:02:21]} {[%emt 00:00:02]}
Rd8 {[%clk 00:00:05]} {[%emt 00:00:03]} 37. Nf3 {[%clk 00:02:15]} {[%emt
00:00:08]} Ne6 {[%clk 00:00:05]} {[%emt 00:00:02]} 38. Nh4 {[%clk 00:02:06]}
{[%emt 00:00:11]} Rd4 {[%clk 00:00:05]} {[%emt 00:00:02]} 39. Ng6+ {[%clk
00:01:52]} {[%emt 00:00:16]} Kh7 {[%clk 00:00:06]} 40. Qf3 {[%clk 00:01:54]}
Rd8 {[%clk 00:00:03]} {[%emt 00:00:06]} 41. Qc6 {[%clk 00:01:51]} {[%emt
00:00:04]} Re8 {[%clk 00:00:03]} {[%emt 00:00:01]} 42. Qxb6 {[%clk 00:01:52]}
{[%emt 00:00:02]} Rd8 {[%clk 00:00:04]} {[%emt 00:00:02]} 43. Qxa6 {[%clk
00:01:49]} {[%emt 00:00:04]} Rd4 {[%clk 00:00:05]} 44. Qa8 {[%clk 00:01:48]}
{[%emt 00:00:03]} Qxg6 {[%clk 00:00:04]} {[%emt 00:00:03]} 45. Rxg6 {[%clk
00:01:49]} Kxg6 {[%clk 00:00:04]} 46. Qe8+ {[%clk 00:01:50]} {[%emt 00:00:03]}
Kh7 {[%clk 00:00:05]} {[%emt 00:00:02]} 47. Qxe6 {[%clk 00:01:51]} {[%emt
00:00:02]} Rd2+ {[%clk 00:00:04]} {[%emt 00:00:03]} 48. Kg3 {[%clk 00:01:52]}
Rd3+ {[%clk 00:00:05]} {[%emt 00:00:01]} 49. Kf2 {[%clk 00:01:53]} 1-0

[Event "World Youth & Cadets Blitz Championships"]
[Site "Rhodes, Greece"]
[Date "2022.05.03"]
[Round "7.34"]
[White "Starosta, Martyna"]
[Black "Siekanska, Maria"]
[Result "1-0"]
[TimeControl "5'/game & 2\"/move"]
[WhiteElo "1707"]
[BlackElo "1723"]

1. e4 {[%clk 00:05:03]} c5 {[%clk 00:05:04]} 2. Nf3 {[%clk 00:05:05]} {[%emt
00:00:01]} d6 {[%clk 00:05:05]} 3. d4 {[%clk 00:05:06]} cxd4 {[%clk 00:05:06]}
{[%emt 00:00:01]} 4. Nxd4 {[%clk 00:05:07]} Nf6 {[%clk 00:05:06]} {[%emt
00:00:01]} 5. Nc3 {[%clk 00:05:08]} {[%emt 00:00:01]} a6 {[%clk 00:05:08]}
{[%emt 00:00:01]} 6. Bg5 {[%clk 00:05:09]} e6 {[%clk 00:05:08]} {[%emt
00:00:02]} 7. f4 {[%clk 00:05:10]} {[%emt 00:00:01]} Qb6 {[%clk 00:05:09]}
{[%emt 00:00:01]} 8. a3 {[%clk 00:05:00]} {[%emt 00:00:12]} Nbd7 {[%clk
00:05:04]} {[%emt 00:00:07]} 9. Be2 {[%clk 00:04:44]} {[%emt 00:00:18]} Be7
{[%clk 00:04:43]} {[%emt 00:00:22]} 10. Bh4 {[%clk 00:04:44]} {[%emt 00:00:02]}
Nxe4 {[%clk 00:04:24]} {[%emt 00:00:21]} 11. Bxe7 {[%clk 00:04:35]} {[%emt
00:00:11]} Nxc3 {[%clk 00:04:25]} {[%emt 00:00:02]} 12. bxc3 {[%clk 00:04:26]}
{[%emt 00:00:11]} Kxe7 {[%clk 00:04:23]} {[%emt 00:00:04]} 13. Qd2 {[%clk
00:03:45]} {[%emt 00:00:42]} Re8 {[%clk 00:04:05]} {[%emt 00:00:21]} 14. Qd3
{[%clk 00:03:07]} {[%emt 00:00:40]} Nf6 {[%clk 00:03:34]} {[%emt 00:00:33]} 15.
O-O {[%clk 00:02:35]} {[%emt 00:00:34]} e5 {[%clk 00:02:49]} {[%emt 00:00:46]}
16. fxe5 {[%clk 00:02:36]} {[%emt 00:00:02]} dxe5 {[%clk 00:02:51]} 17. Rab1
{[%clk 00:02:33]} {[%emt 00:00:05]} Qc5 {[%clk 00:02:41]} {[%emt 00:00:11]} 18.
Qe3 {[%clk 00:02:34]} {[%emt 00:00:02]} Kf8 {[%clk 00:02:40]} {[%emt 00:00:02]}
19. Ne6+ {[%clk 00:02:35]} {[%emt 00:00:02]} Rxe6 {[%clk 00:02:30]} {[%emt
00:00:12]} 20. Qxc5+ {[%clk 00:02:36]} {[%emt 00:00:01]} Kg8 {[%clk 00:02:30]}
21. Rfd1 {[%clk 00:02:29]} {[%emt 00:00:09]} Bd7 {[%clk 00:02:11]} {[%emt
00:00:22]} 22. Rxb7 {[%clk 00:02:28]} {[%emt 00:00:03]} Bc6 {[%clk 00:02:11]}
{[%emt 00:00:02]} 23. Rc7 {[%clk 00:02:21]} {[%emt 00:00:09]} Ne4 {[%clk
00:02:08]} {[%emt 00:00:05]} 24. Qxc6 {[%clk 00:02:12]} {[%emt 00:00:11]} Rxc6
{[%clk 00:02:07]} {[%emt 00:00:03]} 25. Rxc6 {[%clk 00:02:12]} g6 {[%clk
00:01:53]} {[%emt 00:00:16]} 26. Bxa6 {[%clk 00:02:08]} {[%emt 00:00:07]} f5
{[%clk 00:01:45]} {[%emt 00:00:10]} 27. Bd3 {[%clk 00:01:59]} {[%emt 00:00:10]}
Ng5 {[%clk 00:01:40]} {[%emt 00:00:07]} 28. Bc4+ {[%clk 00:01:59]} {[%emt
00:00:02]} Kf8 {[%clk 00:01:30]} {[%emt 00:00:13]} 29. Rc7 {[%clk 00:01:54]}
{[%emt 00:00:07]} e4 {[%clk 00:01:27]} {[%emt 00:00:05]} 30. h4 {[%clk
00:01:51]} {[%emt 00:00:05]} 1-0

[Event "World Youth & Cadets Blitz Championships"]
[Site "Rhodes, Greece"]
[Date "2022.05.03"]
[Round "7.35"]
[White "Chuchukova, Stefani"]
[Black "Singh, Arya"]
[Result "1-0"]
[TimeControl "5'/game & 2\"/move"]
[WhiteElo "1449"]
[BlackElo "1253"]

1. d4 {[%clk 00:05:03]} d5 {[%clk 00:05:04]} 2. c4 {[%clk 00:05:05]} {[%emt
00:00:01]} e6 {[%clk 00:05:05]} {[%emt 00:00:01]} 3. cxd5 {[%clk 00:05:06]}
exd5 {[%clk 00:05:06]} {[%emt 00:00:01]} 4. Nc3 {[%clk 00:05:07]} Nf6 {[%clk
00:05:07]} {[%emt 00:00:02]} 5. Bg5 {[%clk 00:05:08]} c6 {[%clk 00:05:03]}
{[%emt 00:00:06]} 6. e3 {[%clk 00:05:09]} {[%emt 00:00:02]} Bf5 {[%clk
00:05:02]} {[%emt 00:00:02]} 7. Nf3 {[%clk 00:05:08]} {[%emt 00:00:03]} Nbd7
{[%clk 00:05:02]} {[%emt 00:00:02]} 8. Bd3 {[%clk 00:05:06]} {[%emt 00:00:05]}
Bg6 {[%clk 00:04:56]} {[%emt 00:00:07]} 9. a3 {[%clk 00:04:46]} {[%emt
00:00:22]} Bd6 {[%clk 00:04:55]} {[%emt 00:00:03]} 10. O-O {[%clk 00:04:40]}
{[%emt 00:00:09]} O-O {[%clk 00:04:35]} {[%emt 00:00:21]} 11. b4 {[%clk
00:04:34]} {[%emt 00:00:08]} Qc7 {[%clk 00:04:11]} {[%emt 00:00:26]} 12. h3
{[%clk 00:04:21]} {[%emt 00:00:15]} Bxd3 {[%clk 00:03:41]} {[%emt 00:00:31]} 13.
Qxd3 {[%clk 00:04:22]} {[%emt 00:00:02]} h6 {[%clk 00:03:42]} {[%emt 00:00:02]}
14. Bxf6 {[%clk 00:04:07]} {[%emt 00:00:16]} Nxf6 {[%clk 00:03:42]} {[%emt
00:00:02]} 15. Rac1 {[%clk 00:04:05]} {[%emt 00:00:05]} Qd7 {[%clk 00:03:19]}
{[%emt 00:00:24]} 16. Na4 {[%clk 00:03:59]} {[%emt 00:00:07]} b6 {[%clk
00:03:08]} {[%emt 00:00:14]} 17. Nc3 {[%clk 00:03:30]} {[%emt 00:00:32]} Rfe8
{[%clk 00:02:53]} {[%emt 00:00:16]} 18. b5 {[%clk 00:03:20]} {[%emt 00:00:12]}
c5 {[%clk 00:02:33]} {[%emt 00:00:22]} 19. dxc5 {[%clk 00:03:19]} {[%emt
00:00:03]} Bxc5 {[%clk 00:02:33]} {[%emt 00:00:01]} 20. a4 {[%clk 00:03:13]}
{[%emt 00:00:10]} Rad8 {[%clk 00:01:53]} {[%emt 00:00:42]} 21. Rfd1 {[%clk
00:03:13]} {[%emt 00:00:02]} Qe6 {[%clk 00:01:23]} {[%emt 00:00:32]} 22. Ne2
{[%clk 00:03:07]} {[%emt 00:00:07]} Qe4 {[%clk 00:01:21]} {[%emt 00:00:04]} 23.
Qb3 {[%clk 00:02:37]} {[%emt 00:00:32]} Rd6 {[%clk 00:01:06]} {[%emt 00:00:17]}
24. Ned4 {[%clk 00:02:29]} {[%emt 00:00:10]} Bxd4 {[%clk 00:01:02]} {[%emt
00:00:06]} 25. Rxd4 {[%clk 00:02:29]} {[%emt 00:00:02]} Qe6 {[%clk 00:00:59]}
{[%emt 00:00:04]} 26. Qc2 {[%clk 00:02:21]} {[%emt 00:00:11]} Ne4 {[%clk
00:00:55]} {[%emt 00:00:07]} 27. Rd3 {[%clk 00:02:03]} {[%emt 00:00:20]} Nc5
{[%clk 00:00:55]} {[%emt 00:00:01]} 28. Rc3 {[%clk 00:02:00]} {[%emt 00:00:06]}
Red8 {[%clk 00:00:55]} {[%emt 00:00:01]} 29. Nd4 {[%clk 00:02:00]} {[%emt
00:00:02]} Qd7 {[%clk 00:00:56]} {[%emt 00:00:01]} 30. Nc6 {[%clk 00:01:48]}
{[%emt 00:00:15]} Re8 {[%clk 00:00:56]} {[%emt 00:00:01]} 31. a5 {[%clk
00:01:43]} {[%emt 00:00:07]} Ne4 {[%clk 00:00:52]} {[%emt 00:00:06]} 32. Rd3
{[%clk 00:01:41]} {[%emt 00:00:05]} Nc5 {[%clk 00:00:48]} {[%emt 00:00:05]} 33.
Rd4 {[%clk 00:01:39]} {[%emt 00:00:04]} Ne6 {[%clk 00:00:44]} {[%emt 00:00:06]}
34. Rg4 {[%clk 00:01:38]} {[%emt 00:00:03]} Kh8 {[%clk 00:00:40]} {[%emt
00:00:06]} 35. Ne5 {[%clk 00:01:35]} {[%emt 00:00:05]} Qe7 {[%clk 00:00:37]}
{[%emt 00:00:05]} 36. axb6 {[%clk 00:01:32]} {[%emt 00:00:06]} axb6 {[%clk
00:00:37]} {[%emt 00:00:01]} 37. Qf5 {[%clk 00:01:28]} {[%emt 00:00:06]} Ng5
{[%clk 00:00:28]} {[%emt 00:00:11]} 38. Rxg5 {[%clk 00:01:21]} {[%emt
00:00:09]} Rf6 {[%clk 00:00:23]} {[%emt 00:00:07]} 39. Qd7 {[%clk 00:01:11]}
{[%emt 00:00:12]} hxg5 {[%clk 00:00:17]} {[%emt 00:00:08]} 40. Qxe7 {[%clk
00:01:04]} {[%emt 00:00:09]} Rxe7 {[%clk 00:00:18]} {[%emt 00:00:01]} 41. Ng4
{[%clk 00:01:04]} {[%emt 00:00:02]} Rfe6 {[%clk 00:00:19]} {[%emt 00:00:01]} 42.
Kf1 {[%clk 00:01:00]} {[%emt 00:00:07]} Re4 {[%clk 00:00:20]} 43. Rc6 {[%clk
00:00:58]} {[%emt 00:00:03]} d4 {[%clk 00:00:19]} {[%emt 00:00:03]} 44. Rxb6
{[%clk 00:00:55]} {[%emt 00:00:05]} dxe3 {[%emt 00:00:03]} 45. Nxe3 {[%clk
00:00:55]} Rb4 {[%clk 00:00:21]} {[%emt 00:00:01]} 46. Ke2 {[%clk 00:00:54]}
{[%emt 00:00:03]} Re5 {[%clk 00:00:21]} 47. Rb7 {[%clk 00:00:53]} {[%emt
00:00:03]} Rbxb5 {[%clk 00:00:21]} {[%emt 00:00:02]} 48. Rxf7 {[%clk 00:00:54]}
{[%emt 00:00:02]} Kg8 {[%clk 00:00:21]} {[%emt 00:00:02]} 49. Rc7 {[%clk
00:00:54]} {[%emt 00:00:02]} Rb2+ {[%clk 00:00:21]} {[%emt 00:00:01]} 50. Kf3
{[%clk 00:00:55]} Rbb5 {[%clk 00:00:21]} {[%emt 00:00:03]} 51. Kg3 {[%clk
00:00:55]} {[%emt 00:00:02]} Kf8 {[%clk 00:00:20]} {[%emt 00:00:02]} 52. Ng4
{[%clk 00:00:54]} {[%emt 00:00:03]} Rec5 {[%clk 00:00:21]} 53. Ra7 {[%clk
00:00:54]} {[%emt 00:00:02]} Ra5 {[%clk 00:00:22]} {[%emt 00:00:01]} 54. Rd7
{[%clk 00:00:55]} {[%emt 00:00:01]} Ra3+ {[%clk 00:00:23]} 55. f3 {[%clk
00:00:56]} {[%emt 00:00:02]} Rc2 {[%clk 00:00:23]} {[%emt 00:00:02]} 56. Ne5
{[%clk 00:00:52]} {[%emt 00:00:05]} Raa2 {[%clk 00:00:20]} {[%emt 00:00:05]} 57.
Kg4 {[%clk 00:00:53]} {[%emt 00:00:02]} Rxg2+ {[%clk 00:00:19]} {[%emt
00:00:01]} 58. Kf5 {[%clk 00:00:54]} {[%emt 00:00:03]} Ra5 {[%clk 00:00:19]}
{[%emt 00:00:01]} 59. Ke6 {[%clk 00:00:49]} {[%emt 00:00:06]} Re2 {[%clk
00:00:17]} {[%emt 00:00:04]} 60. Rd8# {[%clk 00:00:50]} {[%emt 00:00:02]} 1-0

[Event "World Youth & Cadets Blitz Championships"]
[Site "Rhodes, Greece"]
[Date "2022.05.03"]
[Round "7.36"]
[White "Maton, Emily"]
[Black "Mihelic, Vesna"]
[Result "1/2-1/2"]
[TimeControl "5'/game & 2\"/move"]
[WhiteElo "1283"]
[BlackElo "1879"]

1. c4 {[%clk 00:05:04]} e6 {[%clk 00:05:03]} {[%emt 00:00:01]} 2. g3 {[%clk
00:05:05]} {[%emt 00:00:01]} d5 {[%clk 00:05:04]} {[%emt 00:00:01]} 3. cxd5
{[%clk 00:05:06]} exd5 {[%clk 00:05:05]} {[%emt 00:00:01]} 4. Bg2 {[%clk
00:05:07]} {[%emt 00:00:01]} Nf6 {[%clk 00:05:06]} {[%emt 00:00:01]} 5. d4
{[%clk 00:05:08]} Be7 {[%clk 00:05:04]} {[%emt 00:00:04]} 6. Nc3 {[%clk
00:05:09]} {[%emt 00:00:01]} c6 {[%clk 00:05:03]} {[%emt 00:00:02]} 7. Nf3
{[%clk 00:05:09]} {[%emt 00:00:02]} O-O {[%clk 00:05:01]} {[%emt 00:00:05]} 8.
O-O {[%clk 00:05:09]} {[%emt 00:00:02]} Bf5 {[%clk 00:05:01]} {[%emt 00:00:02]}
9. Bf4 {[%clk 00:05:06]} {[%emt 00:00:05]} Nbd7 {[%clk 00:04:48]} {[%emt
00:00:16]} 10. a3 {[%clk 00:04:44]} {[%emt 00:00:24]} a5 {[%clk 00:04:45]}
{[%emt 00:00:04]} 11. a4 {[%clk 00:04:30]} {[%emt 00:00:16]} Nb6 {[%clk
00:04:26]} {[%emt 00:00:21]} 12. b3 {[%clk 00:04:26]} {[%emt 00:00:06]} Bb4
{[%clk 00:04:14]} {[%emt 00:00:15]} 13. Rc1 {[%clk 00:04:18]} {[%emt 00:00:09]}
Re8 {[%clk 00:03:54]} {[%emt 00:00:22]} 14. Nh4 {[%clk 00:03:57]} {[%emt
00:00:23]} Be6 {[%clk 00:03:46]} {[%emt 00:00:11]} 15. Qc2 {[%clk 00:03:40]}
{[%emt 00:00:18]} Rc8 {[%clk 00:03:24]} {[%emt 00:00:24]} 16. Rfd1 {[%clk
00:03:17]} {[%emt 00:00:25]} h6 {[%clk 00:03:08]} {[%emt 00:00:18]} 17. Nf3
{[%clk 00:02:56]} {[%emt 00:00:23]} Nbd7 {[%clk 00:02:17]} {[%emt 00:00:53]} 18.
Ne5 {[%clk 00:02:50]} {[%emt 00:00:08]} Nxe5 {[%clk 00:01:52]} {[%emt
00:00:28]} 19. Bxe5 {[%clk 00:02:45]} {[%emt 00:00:06]} Nd7 {[%clk 00:01:41]}
{[%emt 00:00:13]} 20. Bf4 {[%clk 00:02:43]} {[%emt 00:00:04]} Qf6 {[%clk
00:01:37]} {[%emt 00:00:06]} 21. e4 {[%clk 00:02:19]} {[%emt 00:00:27]} Nb6
{[%clk 00:01:02]} {[%emt 00:00:37]} 22. Qd3 {[%clk 00:01:27]} {[%emt 00:00:54]}
Bxc3 {[%clk 00:00:53]} {[%emt 00:00:10]} 23. Rxc3 {[%clk 00:01:16]} {[%emt
00:00:13]} dxe4 {[%clk 00:00:53]} {[%emt 00:00:02]} 24. Bxe4 {[%clk 00:01:12]}
{[%emt 00:00:06]} Bd5 {[%clk 00:00:45]} {[%emt 00:00:11]} 25. Be5 {[%clk
00:00:49]} {[%emt 00:00:25]} Bxe4 {[%clk 00:00:38]} {[%emt 00:00:08]} 26. Qxe4
{[%clk 00:00:47]} {[%emt 00:00:04]} Qe6 {[%clk 00:00:35]} {[%emt 00:00:04]} 27.
Qf3 {[%clk 00:00:39]} {[%emt 00:00:11]} Nd5 {[%clk 00:00:31]} {[%emt 00:00:06]}
28. Rcc1 {[%clk 00:00:39]} {[%emt 00:00:02]} f6 {[%clk 00:00:27]} {[%emt
00:00:05]} 29. Bf4 {[%clk 00:00:37]} {[%emt 00:00:05]} Nxf4 {[%clk 00:00:28]}
{[%emt 00:00:02]} 30. gxf4 {[%clk 00:00:17]} {[%emt 00:00:21]} Qe4 {[%clk
00:00:28]} {[%emt 00:00:02]} 31. Qxe4 {[%clk 00:00:10]} {[%emt 00:00:10]} Rxe4
{[%clk 00:00:28]} 32. d5 {[%clk 00:00:11]} {[%emt 00:00:01]} Rxf4 {[%clk
00:00:22]} {[%emt 00:00:08]} 33. dxc6 {[%clk 00:00:11]} {[%emt 00:00:03]} bxc6
{[%clk 00:00:22]} {[%emt 00:00:02]} 34. Rd6 {[%clk 00:00:11]} {[%emt 00:00:01]}
c5 {[%clk 00:00:06]} {[%emt 00:00:18]} 35. Ra6 {[%clk 00:00:12]} {[%emt
00:00:01]} Rb4 {[%clk 00:00:07]} {[%emt 00:00:01]} 36. Rxa5 {[%clk 00:00:13]}
{[%emt 00:00:02]} Rxb3 {[%clk 00:00:07]} {[%emt 00:00:01]} 37. Raxc5 {[%clk
00:00:13]} {[%emt 00:00:02]} Rxc5 {[%clk 00:00:08]} 38. Rxc5 {[%clk 00:00:14]}
Ra3 {[%clk 00:00:09]} {[%emt 00:00:01]} 39. a5 {[%clk 00:00:16]} Kf7 {[%clk
00:00:09]} {[%emt 00:00:01]} 40. Kg2 {[%clk 00:00:17]} {[%emt 00:00:02]} Ke6
{[%clk 00:00:09]} {[%emt 00:00:01]} 41. f3 {[%clk 00:00:18]} {[%emt 00:00:01]}
Kd6 {[%clk 00:00:08]} {[%emt 00:00:03]} 42. Rb5 {[%clk 00:00:18]} {[%emt
00:00:02]} Kc6 {[%clk 00:00:05]} {[%emt 00:00:04]} 43. Rf5 {[%clk 00:00:15]}
{[%emt 00:00:05]} Kd6 {[%clk 00:00:06]} {[%emt 00:00:02]} 44. Rb5 {[%clk
00:00:16]} {[%emt 00:00:01]} Kc6 {[%clk 00:00:07]} 45. Rf5 {[%clk 00:00:17]}
{[%emt 00:00:02]} Kd6 {[%clk 00:00:08]} 46. Rb5 {[%clk 00:00:18]} Ke5 {[%emt
00:00:20]} 1/2-1/2

[Event "World Youth & Cadets Blitz Championships"]
[Site "Rhodes, Greece"]
[Date "2022.05.03"]
[Round "7.37"]
[White "Haapsal, Maria Ioanna"]
[Black "Seemann, Pola"]
[Result "1-0"]
[TimeControl "5'/game & 2\"/move"]
[WhiteElo "1217"]
[BlackElo "1439"]

1. e4 {[%clk 00:05:02]} {[%emt 00:00:01]} e5 {[%clk 00:05:03]} {[%emt
00:00:01]} 2. Nf3 {[%clk 00:05:04]} Nc6 {[%clk 00:05:04]} {[%emt 00:00:01]} 3.
Bb5 {[%clk 00:05:05]} a6 {[%clk 00:05:05]} {[%emt 00:00:01]} 4. Bxc6 {[%clk
00:05:06]} {[%emt 00:00:01]} dxc6 {[%clk 00:05:05]} {[%emt 00:00:01]} 5. O-O
{[%clk 00:05:07]} {[%emt 00:00:01]} Bg4 {[%clk 00:05:04]} {[%emt 00:00:02]} 6.
h3 {[%clk 00:05:09]} h5 {[%clk 00:05:05]} {[%emt 00:00:02]} 7. d3 {[%clk
00:05:11]} Qf6 {[%clk 00:05:04]} {[%emt 00:00:03]} 8. Be3 {[%clk 00:05:12]} Bd6
{[%clk 00:04:54]} {[%emt 00:00:12]} 9. Nbd2 {[%clk 00:05:12]} {[%emt 00:00:02]}
Bxf3 {[%clk 00:04:53]} {[%emt 00:00:03]} 10. Qxf3 {[%clk 00:05:13]} Qxf3 {[%clk
00:04:53]} {[%emt 00:00:03]} 11. gxf3 {[%clk 00:05:14]} {[%emt 00:00:01]} f6
{[%clk 00:04:53]} {[%emt 00:00:02]} 12. Nc4 {[%clk 00:05:15]} g5 {[%clk
00:04:53]} {[%emt 00:00:01]} 13. Kg2 {[%clk 00:05:02]} {[%emt 00:00:15]} Ne7
{[%clk 00:04:45]} {[%emt 00:00:09]} 14. c3 {[%clk 00:04:58]} {[%emt 00:00:07]}
O-O-O {[%clk 00:04:40]} {[%emt 00:00:07]} 15. d4 {[%clk 00:04:52]} {[%emt
00:00:07]} Ng6 {[%clk 00:04:32]} {[%emt 00:00:10]} 16. dxe5 {[%clk 00:04:28]}
{[%emt 00:00:27]} Nh4+ {[%clk 00:04:24]} {[%emt 00:00:09]} 17. Kg3 {[%clk
00:04:17]} {[%emt 00:00:13]} Bxe5+ {[%clk 00:04:23]} {[%emt 00:00:03]} 18. Nxe5
{[%clk 00:04:17]} {[%emt 00:00:03]} fxe5 {[%clk 00:03:58]} {[%emt 00:00:27]} 19.
Bxg5 {[%clk 00:04:09]} {[%emt 00:00:09]} Rdf8 {[%clk 00:03:57]} {[%emt
00:00:04]} 20. Bxh4 {[%clk 00:03:56]} {[%emt 00:00:15]} Rhg8+ {[%clk 00:03:57]}
{[%emt 00:00:02]} 21. Kh2 {[%clk 00:03:56]} {[%emt 00:00:02]} Rxf3 {[%clk
00:03:54]} {[%emt 00:00:05]} 22. Rg1 {[%clk 00:03:52]} {[%emt 00:00:06]} Rgf8
{[%clk 00:03:49]} {[%emt 00:00:06]} 23. Bg3 {[%clk 00:03:35]} {[%emt 00:00:20]}
Rd3 {[%clk 00:03:38]} {[%emt 00:00:11]} 24. Rad1 {[%clk 00:03:25]} {[%emt
00:00:13]} Rdf3 {[%clk 00:03:36]} {[%emt 00:00:04]} 25. Kg2 {[%clk 00:03:12]}
{[%emt 00:00:16]} R3f7 {[%clk 00:03:34]} {[%emt 00:00:03]} 26. Rd2 {[%clk
00:03:13]} {[%emt 00:00:02]} Rg8 {[%clk 00:03:29]} {[%emt 00:00:07]} 27. Kh2
{[%clk 00:03:02]} {[%emt 00:00:12]} Rfg7 {[%clk 00:03:28]} {[%emt 00:00:04]} 28.
Rdd1 {[%clk 00:02:58]} {[%emt 00:00:06]} Rf7 {[%clk 00:03:25]} {[%emt
00:00:04]} 29. h4 {[%clk 00:02:56]} {[%emt 00:00:05]} Rg4 {[%clk 00:03:18]}
{[%emt 00:00:09]} 30. Rge1 {[%clk 00:02:50]} {[%emt 00:00:07]} Re7 {[%clk
00:03:09]} {[%emt 00:00:11]} 31. Rd2 {[%clk 00:02:47]} {[%emt 00:00:06]} b5
{[%clk 00:03:07]} {[%emt 00:00:04]} 32. Kh3 {[%clk 00:02:17]} {[%emt 00:00:32]}
Kb7 {[%clk 00:02:56]} {[%emt 00:00:13]} 33. Ree2 {[%clk 00:02:03]} {[%emt
00:00:16]} c5 {[%clk 00:02:42]} {[%emt 00:00:16]} 34. Rd5 {[%clk 00:01:52]}
{[%emt 00:00:13]} Kc6 {[%clk 00:02:30]} {[%emt 00:00:12]} 35. Rxe5 {[%clk
00:01:31]} {[%emt 00:00:25]} Rd7 {[%clk 00:02:31]} {[%emt 00:00:01]} 36. Rg5
{[%clk 00:01:15]} {[%emt 00:00:18]} Rxg5 {[%clk 00:02:27]} {[%emt 00:00:06]} 37.
hxg5 {[%clk 00:01:16]} Rg7 {[%clk 00:02:13]} {[%emt 00:00:15]} 38. Kh4 {[%clk
00:01:15]} {[%emt 00:00:03]} Rh7 {[%clk 00:02:14]} {[%emt 00:00:02]} 39. g6
{[%clk 00:01:11]} {[%emt 00:00:06]} Rh8 {[%clk 00:02:12]} {[%emt 00:00:03]} 40.
Be5 {[%clk 00:01:07]} {[%emt 00:00:07]} Re8 {[%clk 00:02:11]} {[%emt 00:00:03]}
41. f4 {[%clk 00:01:06]} {[%emt 00:00:03]} Kd7 {[%clk 00:02:09]} {[%emt
00:00:04]} 42. Kxh5 {[%clk 00:01:04]} {[%emt 00:00:05]} Ke6 {[%clk 00:02:06]}
{[%emt 00:00:04]} 43. g7 {[%clk 00:01:00]} {[%emt 00:00:06]} Rg8 {[%clk
00:02:02]} {[%emt 00:00:05]} 44. Kg5 {[%clk 00:00:57]} {[%emt 00:00:05]} Kf7
{[%clk 00:02:01]} {[%emt 00:00:03]} 45. Rh2 {[%clk 00:00:57]} {[%emt 00:00:03]}
1-0